Statistics for 2021 NCAA Football Upsets

Click here to take the quiz!

General Stats

  • This quiz has been taken 108 times
    (74 since last reset)
  • The average score is 43 of 73

Answer Stats

WeekTeam DefeatedRankScoreWinning TeamRank% Correct
1Clemson310-3Georgia5
87%
BowlsMichigan234-11Georgia3
87%
BowlsAlabama133-18Georgia3
87%
13Ohio State242-27Michigan5
83%
14Georgia141-24Alabama3
78%
BowlsOregon1447-32Oklahoma16
78%
11Texas A&M1129-19Ole Miss15
77%
6Arkansas1352-51Ole Miss17
77%
2Ohio State335-28Oregon12
77%
9Michigan637-33Michigan State8
75%
3Miami2438-17Michigan State-
75%
2Iowa State927-17Iowa10
73%
1Indiana1734-6Iowa18
73%
1LSU1638-27UCLA-
72%
10Auburn1320-3Texas A&M14
70%
6Alabama141-38Texas A&M-
70%
12Oregon338-7Utah23
70%
7Arizona State1835-21Utah-
70%
14Oregon1038-10Utah17
70%
4Kansas State2531-20Oklahoma State-
68%
BowlsNotre Dame537-35Oklahoma State9
68%
7Iowa224-7Purdue-
68%
10Michigan State340-29Purdue-
68%
11Oklahoma827-14Baylor13
67%
4Iowa State1431-29Baylor-
67%
7BYU1938-24Baylor-
67%
14Oklahoma State521-16Baylor9
67%
13Texas A&M1527-24LSU-
67%
7Florida2049-42LSU-
67%
1Wisconsin1216-10Penn State19
67%
7Arkansas1738-23Auburn-
63%
9Ole Miss1031-20Auburn18
63%
12Wake Forest1048-27Clemson-
63%
10Minnesota2014-6Illinois-
63%
8Penn State720-18 (9OT)Illinois-
63%
9Pittsburgh1738-34Miami-
63%
8NC State1831-30Miami-
63%
4Clemson927-21NC State-
63%
10Baylor1230-28TCU-
62%
8Purdue2530-13Wisconsin-
60%
9Iowa927-7Wisconsin-
60%
5Florida1020-13Kentucky-
58%
BowlsIowa1520-17Kentucky22
58%
13Wisconsin1423-13Minnesota-
58%
5UCLA2042-23Arizona State-
57%
8Oklahoma State824-21Iowa State-
57%
5Texas A&M1526-22Mississippi State-
57%
9Kentucky1231-17Mississippi State-
57%
11Auburn1743-34Mississippi State-
57%
2Utah2126-17BYU-
55%
3Arizona State1927-17BYU23
55%
5Oregon331-24 (OT)Stanford-
55%
2USC1442-28Stanford-
55%
4Texas A&M720-10Arkansas16
53%
10Mississippi State1731-28Arkansas-
53%
2Texas1540-21Arkansas-
53%
10Kentucky1845-42Tennessee-
53%
1North Carolina1017-10Virginia Tech-
52%
6BYU1026-17Boise State-
50%
10Wake Forest958-55North Carolina-
50%
9SMU1944-37Houston-
48%
3UCLA1340-37Fresno State-
43%
9San Diego State2130-20Fresno State-
43%
4North Carolina2145-22Georgia Tech-
43%
8Coastal Carolina1430-27Appalachian State-
38%
3Virginia Tech1527-21West Virginia-
37%
9Iowa State2238-31West Virginia-
37%
5Fresno State1827-24Hawaii-
32%
1Washington2013-7Montana-
23%
14San Diego State1946-13Utah State-
23%
13UTSA2245-23North Texas-
20%
BowlsBYU1331-28UAB-
20%
10Fresno State2340-14Boise State-
3%

Score Distribution

Percentile by Number Answered

Percent of People with Each Score

Your Score History

You have not taken this quiz since the last reset